01885 a2200229 4500003000500000005001700005040000900022082001500031100003200046245005900078260003900137300001100176505072900187650004000916942002400956999001900980952012400999952012401123952012601247952012901373952015301502Nust20230201150432.0 cNust a935.05,AKR aLt. Gen. A. I. Akram956272 aThe Muslim conquest of Persia / cLt. Gen. A. I. Akram aLahorebArmy education pressc2001 a333 p. aThe Name Of Allah (Page-1), The Change Of Commend (Page-15), The Victories And Defeat (Page-22), The Battle Of Buweib (Page-41), Umer And Sad (Page-53), Yazdjurd And Rustam (Page-68), The Eve Of Qadisiyya (Page-84), The Day Of Disorder (Page-109), The Day Of Succor (Page-121), The Day Of Hardship (Page-134), The Night Of Qadisiyya (Page-145), On To Ctesiphon (Page-159), The Conquest Of Ctesiphon (Page-172), The Battle Of Jalaula (Page-185), The Consolidation Of Iraq (Page-208), The Conquest Of Ahwaz (Page-220), The Con1uest Of Tustar (Page-233), The Rest Of Khuzistan (Page-244), The Persians March Again (Page-253), The Battle Of Nihawand (Page-265), The Fall Of Persia (Page-289), The Last Of The Sasanis (Page-301). aThe Muslim conquest--Persia9108426 2ddccBKm935.05,AKR c186948d186948 00102ddc4070aMCSbMCScGENd2016-12-12o935.05,AKRpMCS28376r2016-12-08w2016-12-12yBKzAlmirah No.75, Shelf No.5 00102ddc4070aMCSbMCScGENd2016-12-12o935.05,AKRpMCS28377r2016-12-08w2016-12-12yBKzAlmirah No.75, Shelf No.5 00102ddc4070aMCSbMCScGENd2016-12-12o935.05,AKRpMCS28378r2016-12-08w2016-12-12yBKzAlmirah No. 59, Shelf No. 6 00102ddc4070aMCSbMCScGENd2023-02-01l0o935.05,AKRpMCS28380r2023-02-01w2023-02-01yBKzAlmirah No. 59, Shelf No. 6 00102ddc4070aMCSbMCScGENd2023-02-01l1o935.05,AKRpMCS29624q2025-12-05r2025-11-05s2025-11-05w2023-02-01yBKzAlmirah No. 59, Shelf No. 6